<?xml version="1.0" encoding="UTF-8"?>
<record
    xmlns:xsi="http://www.w3.org/2001/XMLSchema-instance"
    xsi:schemaLocation="http://www.loc.gov/MARC21/slim http://www.loc.gov/standards/marcxml/schema/MARC21slim.xsd"
    xmlns="http://www.loc.gov/MARC21/slim">

  <leader>04090    a2200469   4500</leader>
  <controlfield tag="001">44547</controlfield>
  <controlfield tag="005">20260407155722.0</controlfield>
  <controlfield tag="008">260407a1995    arg                 spa d</controlfield>
  <controlfield tag="003">AR-UNSa-BCEJYS</controlfield>
  <datafield tag="040" ind1=" " ind2=" ">
    <subfield code="a">AR-UNSa-BCEJYS</subfield>
    <subfield code="b">spa</subfield>
    <subfield code="c">AR-UNSa-BCEJYS</subfield>
  </datafield>
  <datafield tag="080" ind1=" " ind2=" ">
    <subfield code="a">342</subfield>
    <subfield code="x">Derecho constitucional (Derecho P&#xFA;blico)</subfield>
  </datafield>
  <datafield tag="245" ind1="1" ind2="0">
    <subfield code="a">Derecho constitucional de la reforma de 1994</subfield>
  </datafield>
  <datafield tag="264" ind1=" " ind2="1">
    <subfield code="a">Buenos Aires :</subfield>
    <subfield code="b">Ediciones Depalma</subfield>
    <subfield code="c">1995</subfield>
  </datafield>
  <datafield tag="300" ind1=" " ind2=" ">
    <subfield code="a">2 v. (558 ; 451 p.)</subfield>
    <subfield code="c">23 cm.</subfield>
  </datafield>
  <datafield tag="505" ind1=" " ind2=" ">
    <subfield code="a">Vol. I: 1. Sistemas y R&#xE9;gimen Pol&#xED;tico Argentino. &#xBF;Ha cambiado con la Reforma de 1994? / Dardo P&#xE9;rez Guilhou - 2. La defensa de la Constituci&#xF3;n / Juan Fernando Segovia - 3. Reforma de la Constituci&#xF3;n Nacional / Eduardo Fernando Luna - 4. Supremac&#xED;a de la Constituci&#xF3;n. El Nuevo Orden / Mar&#xED;a Celia Castorina de Tarquini - 5. Derechos Individuales en la Constituci&#xF3;n Nacional / Dardo Jos&#xE9; P&#xE9;rez Hualde - 6. Derechos Sociales en la Constituci&#xF3;n Argentina / Dardo Jos&#xE9; P&#xE9;rez Hualde - 7. Derechos de los Trabajadores: Reforma Constitucional y Legislaci&#xF3;n Nacional / Carlos Alberto Livellara - 8. La protecci&#xF3;n de los Ind&#xED;genas / Gonzalo Segovia y Juan Fernando Segovia - 9. Constituci&#xF3;n Nacional y Medio Ambiente / Felipe Seisdedos - 10. Ejercicio Pleno de los Derechos Pol&#xED;ticos y Partidos Pol&#xED;ticos / Rub&#xE9;n Morales - 11. Formas de participaci&#xF3;n Directa en la Democracia Representativa / Jos&#xE9; Luis Mart&#xED;nez Peroni - 12. Amparo, H&#xE1;beas Data y H&#xE1;beas Corpus en  la Reforma de 1994 / Felipe Seisdedos - 13. La Autonom&#xED;a en la Constituci&#xF3;n Nacional / ^Patricia  Raquel Mart&#xED;nez - 14. El Proceso de Formaci&#xF3;n de las Leyes en la Constituci&#xF3;n Nacional Reformada en 1994 / Mar&#xED;a Luisa Giunta - 15. El Silencio del Congreso / Alejandro P&#xE9;rez Hualde - 16. El Senado por Venir / Walter Jos&#xE9; Cueto -- Vol. II: 17. Los Tratados de Integraci&#xF3;n y la Reforma Constitucional / Ismael Farrando - 18. Considerciones sobre los Establecimientos de Utilidad Nacional en la Constituci&#xF3;n Nacional / Mar&#xED;a Gabriela &#xC1;balos de Mosso - 19. La Auditor&#xED;a General de la Naci&#xF3;n / Eduardo Estrada - 20. El Defensor del Pueblo / Eduardo Fernando Luna - 21. El Poder Ejecutivo / Dardo P&#xE9;rez Guilhou - 22. La Reforma de la Constituci&#xF3;n y el Jefe de Gabinete / Daniel G&#xF3;mez Sanch&#xED;s - 23. Decretos de Necesidad y Urgencia: Su Ley Especial / Alejandro P&#xE9;rez Hualde - 24. El Poder Judicial en la Reforma Constitucional / A&#xED;da Kemelmajer de Carlucci - 25. El Ministerio P&#xFA;blico en la Reforma Constitucional de 1994 / Jorge A. Coussirat - 26. El R&#xE9;gimen Federal y la Reforma Constitucional / Mar&#xED;a Celia Castorina de Tarquini - 27. La Regi&#xF3;n y la Reforma Constitucional / Mar&#xED;a Celia Castorina de Tarquiri - 28. Las Provincias y los Convenios Internacionales / M&#xF3;nica Buj Montero - 29. Reflexiones sobre el R&#xE9;gimen Municipal en la Constituci&#xF3;n Nacional / Mar&#xED;a Gabriela Abalos de Mosso - 30. Aspectos en Torno a la Ciudad de Buenos Aires en la Constituci&#xF3;n Nacional / Mar&#xED;a Gabriela Abalos de Mosso - </subfield>
  </datafield>
  <datafield tag="041" ind1=" " ind2=" ">
    <subfield code="a">spa</subfield>
  </datafield>
  <datafield tag="942" ind1=" " ind2=" ">
    <subfield code="c">BK</subfield>
  </datafield>
  <datafield tag="590" ind1=" " ind2=" ">
    <subfield code="a">niveau_biblio:m niveau_hierar:0</subfield>
  </datafield>
  <datafield tag="100" ind1="1" ind2=" ">
    <subfield code="a">P&#xE9;rez Guilhou, Dardo</subfield>
  </datafield>
  <datafield tag="700" ind1="1" ind2=" ">
    <subfield code="a">Instituto Argentino de Estudios Constitucionales y Pol&#xED;ticos</subfield>
  </datafield>
  <datafield tag="700" ind1="1" ind2=" ">
    <subfield code="a">Seisdedos, Felipe</subfield>
  </datafield>
  <datafield tag="700" ind1="1" ind2=" ">
    <subfield code="a">Abalos de Mosso, Mar&#xED;a Gabriela</subfield>
  </datafield>
  <datafield tag="700" ind1="1" ind2=" ">
    <subfield code="a">Buj Montero, M&#xF3;nica</subfield>
  </datafield>
  <datafield tag="700" ind1="1" ind2=" ">
    <subfield code="a">Castorina de Tarquini, Mar&#xED;a Celia</subfield>
  </datafield>
  <datafield tag="700" ind1="1" ind2=" ">
    <subfield code="a">Coussirat, Jorge A.</subfield>
  </datafield>
  <datafield tag="700" ind1="1" ind2=" ">
    <subfield code="a">Cueto, Walter Jos&#xE9;</subfield>
  </datafield>
  <datafield tag="700" ind1="1" ind2=" ">
    <subfield code="a">Estrada, Eduardo</subfield>
  </datafield>
  <datafield tag="700" ind1="1" ind2=" ">
    <subfield code="a">Farrando, Ismael</subfield>
  </datafield>
  <datafield tag="700" ind1="1" ind2=" ">
    <subfield code="a">Guinta, Mar&#xED;a Luisa</subfield>
  </datafield>
  <datafield tag="700" ind1="1" ind2=" ">
    <subfield code="a">G&#xF3;mez Sanch&#xED;s, Daniel</subfield>
  </datafield>
  <datafield tag="700" ind1="1" ind2=" ">
    <subfield code="a">Kemelmajer de Carlucci, A&#xED;da</subfield>
  </datafield>
  <datafield tag="700" ind1="1" ind2=" ">
    <subfield code="a">Livellara, Carlos Alberto</subfield>
  </datafield>
  <datafield tag="700" ind1="1" ind2=" ">
    <subfield code="a">Luna, Eduardo Fernando</subfield>
  </datafield>
  <datafield tag="700" ind1="1" ind2=" ">
    <subfield code="a">Mart&#xED;nez, Patricia Raquel</subfield>
  </datafield>
  <datafield tag="700" ind1="1" ind2=" ">
    <subfield code="a">Mart&#xED;nez Peroni, Jos&#xE9; Luis</subfield>
  </datafield>
  <datafield tag="700" ind1="1" ind2=" ">
    <subfield code="a">Morales, Rub&#xE9;n</subfield>
  </datafield>
  <datafield tag="700" ind1="1" ind2=" ">
    <subfield code="a">P&#xE9;rez Hualde, Dardo Jos&#xE9;</subfield>
  </datafield>
  <datafield tag="700" ind1="1" ind2=" ">
    <subfield code="a">P&#xE9;rez Hualde, Alejandro</subfield>
  </datafield>
  <datafield tag="700" ind1="1" ind2=" ">
    <subfield code="a">Segovia, Juan Fernando</subfield>
  </datafield>
  <datafield tag="700" ind1="1" ind2=" ">
    <subfield code="a">Segovia, Gonzalo</subfield>
  </datafield>
  <datafield tag="856" ind1="4" ind2="1">
    <subfield code="u">https://www.biblioeco.unsa.edu.ar/pmb/images/libros/L70198.jpg</subfield>
    <subfield code="y">Imagen de portada</subfield>
    <subfield code="q">image/jpeg</subfield>
  </datafield>
  <datafield tag="999" ind1=" " ind2=" ">
    <subfield code="c">3794</subfield>
    <subfield code="d">3794</subfield>
  </datafield>
  <datafield tag="952" ind1=" " ind2=" ">
    <subfield code="0">0</subfield>
    <subfield code="1">0</subfield>
    <subfield code="4">0</subfield>
    <subfield code="7">0</subfield>
    <subfield code="a">BCEJYS</subfield>
    <subfield code="b">BCEJYS</subfield>
    <subfield code="c">16</subfield>
    <subfield code="d">2026-04-07</subfield>
    <subfield code="l">0</subfield>
    <subfield code="o">342 I59 v.1</subfield>
    <subfield code="p">L70285</subfield>
    <subfield code="r">2026-04-07 15:57:22</subfield>
    <subfield code="w">2026-04-07</subfield>
    <subfield code="y">L</subfield>
  </datafield>
  <datafield tag="952" ind1=" " ind2=" ">
    <subfield code="0">0</subfield>
    <subfield code="1">0</subfield>
    <subfield code="4">0</subfield>
    <subfield code="7">0</subfield>
    <subfield code="a">BCEJYS</subfield>
    <subfield code="b">BCEJYS</subfield>
    <subfield code="c">16</subfield>
    <subfield code="d">2026-04-07</subfield>
    <subfield code="l">0</subfield>
    <subfield code="o">342 I59 v.1</subfield>
    <subfield code="p">L70287</subfield>
    <subfield code="r">2026-04-07 15:57:22</subfield>
    <subfield code="w">2026-04-07</subfield>
    <subfield code="y">L</subfield>
  </datafield>
  <datafield tag="952" ind1=" " ind2=" ">
    <subfield code="0">0</subfield>
    <subfield code="1">0</subfield>
    <subfield code="4">0</subfield>
    <subfield code="7">0</subfield>
    <subfield code="a">BCEJYS</subfield>
    <subfield code="b">BCEJYS</subfield>
    <subfield code="c">16</subfield>
    <subfield code="d">2026-04-07</subfield>
    <subfield code="l">0</subfield>
    <subfield code="o">342 I59 v.1</subfield>
    <subfield code="p">L70289</subfield>
    <subfield code="r">2026-04-07 15:57:22</subfield>
    <subfield code="w">2026-04-07</subfield>
    <subfield code="y">L</subfield>
  </datafield>
  <datafield tag="952" ind1=" " ind2=" ">
    <subfield code="0">0</subfield>
    <subfield code="1">0</subfield>
    <subfield code="4">0</subfield>
    <subfield code="7">0</subfield>
    <subfield code="a">BCEJYS</subfield>
    <subfield code="b">BCEJYS</subfield>
    <subfield code="c">16</subfield>
    <subfield code="d">2026-04-07</subfield>
    <subfield code="l">0</subfield>
    <subfield code="o">342 I59 v.1</subfield>
    <subfield code="p">L70197</subfield>
    <subfield code="r">2026-04-07 15:57:22</subfield>
    <subfield code="w">2026-04-07</subfield>
    <subfield code="y">L</subfield>
  </datafield>
  <datafield tag="952" ind1=" " ind2=" ">
    <subfield code="0">0</subfield>
    <subfield code="1">0</subfield>
    <subfield code="4">0</subfield>
    <subfield code="7">0</subfield>
    <subfield code="a">BCEJYS</subfield>
    <subfield code="b">BCEJYS</subfield>
    <subfield code="c">16</subfield>
    <subfield code="d">2026-04-07</subfield>
    <subfield code="l">0</subfield>
    <subfield code="o">342 I59 v.1</subfield>
    <subfield code="p">L70286</subfield>
    <subfield code="r">2026-04-07 15:57:22</subfield>
    <subfield code="w">2026-04-07</subfield>
    <subfield code="y">L</subfield>
  </datafield>
  <datafield tag="952" ind1=" " ind2=" ">
    <subfield code="0">0</subfield>
    <subfield code="1">0</subfield>
    <subfield code="4">0</subfield>
    <subfield code="7">0</subfield>
    <subfield code="a">BCEJYS</subfield>
    <subfield code="b">BCEJYS</subfield>
    <subfield code="c">16</subfield>
    <subfield code="d">2026-04-07</subfield>
    <subfield code="l">0</subfield>
    <subfield code="o">342 I59 v.2</subfield>
    <subfield code="p">L70445</subfield>
    <subfield code="r">2026-04-07 15:57:22</subfield>
    <subfield code="w">2026-04-07</subfield>
    <subfield code="y">L</subfield>
  </datafield>
  <datafield tag="952" ind1=" " ind2=" ">
    <subfield code="0">0</subfield>
    <subfield code="1">0</subfield>
    <subfield code="4">0</subfield>
    <subfield code="7">0</subfield>
    <subfield code="a">BCEJYS</subfield>
    <subfield code="b">BCEJYS</subfield>
    <subfield code="c">16</subfield>
    <subfield code="d">2026-04-07</subfield>
    <subfield code="l">0</subfield>
    <subfield code="o">342 I59 v.2</subfield>
    <subfield code="p">L70198</subfield>
    <subfield code="r">2026-04-07 15:57:22</subfield>
    <subfield code="w">2026-04-07</subfield>
    <subfield code="y">L</subfield>
  </datafield>
  <datafield tag="952" ind1=" " ind2=" ">
    <subfield code="0">0</subfield>
    <subfield code="1">0</subfield>
    <subfield code="4">0</subfield>
    <subfield code="7">0</subfield>
    <subfield code="a">BCEJYS</subfield>
    <subfield code="b">BCEJYS</subfield>
    <subfield code="c">16</subfield>
    <subfield code="d">2026-04-07</subfield>
    <subfield code="l">0</subfield>
    <subfield code="o">342 I59 v.2</subfield>
    <subfield code="p">L70443</subfield>
    <subfield code="r">2026-04-07 15:57:22</subfield>
    <subfield code="w">2026-04-07</subfield>
    <subfield code="y">L</subfield>
  </datafield>
  <datafield tag="952" ind1=" " ind2=" ">
    <subfield code="0">0</subfield>
    <subfield code="1">0</subfield>
    <subfield code="4">0</subfield>
    <subfield code="7">0</subfield>
    <subfield code="a">BCEJYS</subfield>
    <subfield code="b">BCEJYS</subfield>
    <subfield code="c">16</subfield>
    <subfield code="d">2026-04-07</subfield>
    <subfield code="l">0</subfield>
    <subfield code="o">342 I59 v.2</subfield>
    <subfield code="p">L70442</subfield>
    <subfield code="r">2026-04-07 15:57:22</subfield>
    <subfield code="w">2026-04-07</subfield>
    <subfield code="y">L</subfield>
  </datafield>
  <datafield tag="952" ind1=" " ind2=" ">
    <subfield code="0">0</subfield>
    <subfield code="1">0</subfield>
    <subfield code="4">0</subfield>
    <subfield code="7">0</subfield>
    <subfield code="a">BCEJYS</subfield>
    <subfield code="b">BCEJYS</subfield>
    <subfield code="c">16</subfield>
    <subfield code="d">2026-04-07</subfield>
    <subfield code="l">0</subfield>
    <subfield code="o">342 I59 v.2</subfield>
    <subfield code="p">L70444</subfield>
    <subfield code="r">2026-04-07 15:57:22</subfield>
    <subfield code="w">2026-04-07</subfield>
    <subfield code="y">L</subfield>
  </datafield>
</record>
